Legistlative Council Of Ceylon (Record no. 147242)
[ view plain ]
| 000 -LEADER | |
|---|---|
| fixed length control field | 00373nam a22001457a 4500 |
| 003 - CONTROL NUMBER IDENTIFIER | |
| control field | LK-CoDNM |
| 005 - DATE AND TIME OF LATEST TRANSACTION | |
| control field | 20240812151719.0 |
| 008 - FIXED-LENGTH DATA ELEMENTS--GENERAL INFORMATION | |
| fixed length control field | 240812b |||||||| |||| 00| 0 eng d |
| 040 ## - CATALOGING SOURCE | |
| Original cataloging agency | LK-CoDNM |
| Modifying agency | LK-CoDNM |
| Description conventions | LK-CoDNM |
| 080 ## - UNIVERSAL DECIMAL CLASSIFICATION NUMBER | |
| Item number | GP1887 |
| 942 ## - ADDED ENTRY ELEMENTS (KOHA) | |
| Koha item type | Books |
| 245 ## - TITLE STATEMENT | |
| Title | Legistlative Council Of Ceylon |
| 260 ## - PUBLICATION, DISTRIBUTION, ETC. (IMPRINT) | |
| Place of publication, distribution, etc. | Colombo |
| Name of publisher, distributor, etc. | Goverment Printer |
| Date of publication, distribution, etc. | 1887 |
| 300 ## - PHYSICAL DESCRIPTION | |
| Other physical details | 848p. : 32 cm |
No items available.


